Statistics for Carla Gugino Filmography

Click here to take the quiz!

General Stats

  • This quiz has been taken 16 times
    (3 since last reset)
  • The average score is 20 of 119

Answer Stats

TypeYearName% Correct
TV Show2012New Girl
67%
Film2024Orion and the Dark
67%
TV Show1996-1998Spin City
67%
Film2001Spy Kids
67%
Film2003Spy Kids 3-D: Game Over
67%
Web Mini-Series2023The Fall of the House of Usher
67%
TV Show1989ALF
33%
Music Video1994Always
33%
Film2007American Gangster
33%
Film2016Batman v Superman: Dawn of Justice
33%
TV Show1999-2000Chicago Hope
33%
Film2010Elektra Luxx
33%
TV Show2007-2010Entourage
33%
Film2010Faster
33%
Film2017Gerald's Game
33%
Film2021Gunpowder Milkshake
33%
FilmTBAHeads of State
33%
TV Show2019Jett
33%
TV Show2012Justified
33%
TV Show2003-2004Karen Sisco
33%
Film2024Lisa Frankenstein
33%
Web Series2020Manhunt
33%
Film2013Man of Steel
33%
Film2014Match
33%
TV Film1994Motorcycle Gang
33%
Film2011Mr. Popper's Penguins
33%
Film2006Night at the Museum
33%
TV Mini-Series2012Political Animals
33%
TV Show1992Quantum Leap
33%
Film2009Race to Witch Mountain
33%
Film2008Righteous Kill
33%
Film2007Rise: Blood Hunter
33%
TV Show2016Roadies
33%
TV Show2018Robot Chicken
33%
Film2015San Andreas
33%
TV Film2001She Creature
33%
Film2005Sin City
33%
Film1998Snake Eyes
33%
Film1993Son in Law
33%
Film2002Spy Kids 2: The Island of Lost Dreams
33%
Film2011Sucker Punch
33%
Web Series2024The Girls on the Bus
33%
Film2001The One
33%
Film2017The Space Between Us
33%
Film2009The Unborn
33%
Film1996The War at Home
33%
Film1993This Boy's Life
33%
Film1989Troop Beverly Hills
33%
Film2009Watchmen
33%
TV Show2015-2016Wayward Pines
33%
TV Show1988Who's the Boss?
33%
Film2016Wolves
33%
TV Film2021Zack Snyder's Justice League
33%
Theater2004After the Fall
0%
Theater2013A Kid Like Jake
0%
TV Show1990American Dreamer
0%
Podcast2022American Hostage
0%
Theater2020Anatomy of a Suicide
0%
Short Film2009Apocrypha
0%
TV Film1992A Private Matter
0%
TV Film1999A Season for Miracles
0%
Film2016Bling
0%
TV Film1999Bonne Nuit
0%
Film2013By Virtue Fall
0%
TV Show2011Californication
0%
TV Show1992Davis Rules
0%
Theater2009Desire Under the Elms
0%
TV Show1991Doogie Howser, M.D.
0%
TV Pilot2013Doubt
0%
Film2018Elizabeth Harvest
0%
Film2006Even Money
0%
Film2010Every Day
0%
TV Show1989-1990Falcon Crest
0%
TV Show1990Ferris Bueller
0%
Film2011Girl Walks into a Bar
0%
TV Show1988Good Morning, Miss Bliss
0%
TV Film2011Hide
0%
TV Show2014HitRECord on TV
0%
Film1996Homeward Bound II: Lost in San Francisco
0%
TV Mini-Series1999Hotel Alexandria
0%
Film2012Hotel Noir
0%
Film2011I Melt with You
0%
Film1998Jaded
0%
Film1998Judas Kiss
0%
TV Show2022Leopard Skin
0%
Commercial1999L'Oréal
0%
Film1997Lovelife
0%
Film1995Miami Rhapsody
0%
Film1996Michael
0%
Web Mini-Series2021Midnight Mass
0%
TV Film1992Murder Without Motive: The Edmund Perry Story
0%
TV Show2017Nashville
0%
Theater2018-2019Nassim
0%
Film1993Red Hot
0%
TV Show2024Rock, Paper, Scissors
0%
Short Film2009Sparks
0%
Theater2006-2007Suddenly Last Summer
0%
TV Show2016Supergirl
0%
Short Film2010Tell Tale
0%
TV Show2015The Brink
0%
TV Mini-Series1995The Buccaneers
0%
Film2001The Center of the World
0%
Theater2022The Forgiveness Machine
0%
Web Mini-Series2020The Haunting of Bly Manor
0%
Web Mini-Series2018The Haunting of Hill House
0%
Film2001The Jimmy Show
0%
Film2005The Life Coach
0%
Film2007The Lookout
0%
Film2009The Mighty Macs
0%
Theater2012The Road to Mecca
0%
Film2003The Singing Detective
0%
TV Show1991The Wonder Years
0%
TV Show2005-2006Threshold
0%
Short Film2009Under the Hood
0%
Short FilmTBAVeo Veo: A Family
0%
Film1996Wedding Bell Blues
0%
Film1990Welcome Home, Roxy Carmichael
0%
Film2021With/In: Volume 2
0%
Film2009Women in Trouble
0%

Score Distribution

Percentile by Number Answered

Percent of People with Each Score

Your Score History

You have not taken this quiz since the last reset